000 00587nam a2200205Ia 4500
003 GCL
005 20240530095842.0
008 140319s9999 xx 000 0 eng d
040 _aGCL /
_cGCL
082 0 4 _a783
_bAI
100 1 _aAGRICOLA, JOHANN FRIEDRICH
245 1 0 _aINTRODUCTION TO THE ART OF SINGING /
_cAGRICOLA, JOHANN FRIEDRICH
260 _a[S.N] :
_bCAMLRIDGE UNIVERSTY PRESS ،
_c1995
300 _a298
650 0 4 _aPERFORMANCE PRACTICE MUSIC 18 CENTURY
650 0 4 _aSINGING
650 0 4 _aMURIC\8TH CENTUREY
650 0 4 _aMUSIC - 17TH CENTUERY
942 _2ddc
_cBK
999 _c11373
_d11373